000 00824nam a2200265Ia 4500
001 Para_5479
003 CHAP
008 220125s1948 xx 000 0 und d
010 _a203938
040 _cCHAP
090 _aPA R-117
100 _aBurkholder, Walter H
_916211
245 _aThe generic and specific characters of phutopathogenic species of Pseudomonas and Xanthomonas /
_c Walter H. Burkholder, Montimer P. Starr
260 _a:
_b
500 _aSobretiro de : Phytopathology 38 (6): 494-502, 1948
650 _aPseudomonas Xanthomonas Bacterias fitopatógenas
_9169947
700 _aStarr, Mortimer P.
_9109498
901 _aPA R-117
902 _aA
905 _a0000001948 0000000000 00
910 _a1948
942 _cPARA
942 _cPARA
_d1
999 _c203938
_d203938